=LDR 00000nam 2200000 4500 =001 INLIS000000000005743 =005 20200225065920 =035 ##$$a 0010-061300000005743 =008 200225################g##########0#eng## =041 ##$$a Ind =082 ##$$a 174.909 7 =090 ##$$a 174.909 7, Goo g =245 ##$$a Groping for ethics in jurnalisme /$c H. Eugene Goodwin =260 ##$$a Des Monies :$b Iowa State University Pess,$c 1986 =300 ##$$a 335 hlm. ; $c 15 x 23 cm =650 #4$$a Etika Jurnalistik =020 ##$$a 0-8138-0816-2 =084 ##$$a 174.909 7 GRO g =250 ##$$a Cet. 2 =990 ##$$a 31.147/Hd-89